[Event "ODJM C 2023"]
[Site "Willingen GER"]
[Date "2023.05.28"]
[Round "2"]
[White "Börner, Eric"]
[Black "Schwarzfischer, Ramona"]
[Result "1-0"]
[Termination "normal"]
[Board "22"]
[WhiteElo "1287"]
[BlackElo "916"]
[WhiteClock "00:46:38"]
[BlackClock "01:01:55"]
[PlyCount "59"]
[WhiteFideId "34608362"]
[BlackFideId "16268113"]
[EventCountry "GER"]
[EventRounds "9"]
[EventType "swiss"]
[EventDate "2023.05.27"]

1. d4 {[%clk 01:30:58]} {[%emt 00:00:01]} c6 {[%clk 01:30:47]} {[%emt
00:00:14]} 2. Bf4 {[%clk 01:29:41]} {[%emt 00:01:44]} d5 {[%clk 01:30:57]}
{[%emt 00:00:22]} 3. e3 {[%clk 01:29:07]} {[%emt 00:01:03]} Bf5 {[%clk
01:31:02]} {[%emt 00:00:26]} 4. Nf3 {[%clk 01:28:25]} {[%emt 00:01:11]} e6
{[%clk 01:30:40]} {[%emt 00:00:52]} 5. Bd3 {[%clk 01:28:26]} {[%emt 00:00:28]}
Bxd3 {[%clk 01:29:11]} {[%emt 00:02:01]} 6. Qxd3 {[%clk 01:28:46]} {[%emt
00:00:09]} Bd6 {[%clk 01:29:06]} {[%emt 00:00:35]} 7. Bg3 {[%clk 01:29:08]}
{[%emt 00:00:07]} Nf6 {[%clk 01:28:12]} {[%emt 00:01:25]} 8. O-O {[%clk
01:27:27]} {[%emt 00:02:11]} Bxg3 {[%clk 01:27:39]} {[%emt 00:01:04]} 9. hxg3
{[%clk 01:27:45]} {[%emt 00:00:10]} Nbd7 {[%clk 01:27:50]} {[%emt 00:00:20]}
10. Nbd2 {[%clk 01:27:32]} {[%emt 00:00:42]} h6 {[%clk 01:24:23]} {[%emt
00:03:59]} 11. e4 {[%clk 01:23:34]} {[%emt 00:04:25]} g5 {[%clk 01:22:40]}
{[%emt 00:02:16]} 12. e5 {[%clk 01:23:32]} {[%emt 00:00:32]} Ng8 {[%clk
01:21:43]} {[%emt 00:01:27]} 13. Nh2 {[%clk 01:21:06]} {[%emt 00:02:55]} h5
{[%clk 01:21:10]} {[%emt 00:01:03]} 14. f4 {[%clk 01:18:55]} {[%emt 00:02:41]}
Nh6 {[%clk 01:19:43]} {[%emt 00:01:51]} 15. Nhf3 {[%clk 01:09:31]} {[%emt
00:10:00]} gxf4 {[%clk 01:16:19]} {[%emt 00:03:55]} 16. gxf4 {[%clk 01:09:29]}
{[%emt 00:00:32]} Nf5 {[%clk 01:16:29]} {[%emt 00:00:19]} 17. Kf2 {[%clk
01:04:26]} {[%emt 00:05:34]} Nh4 {[%clk 01:14:47]} {[%emt 00:02:10]} 18. Rh1
{[%clk 01:00:21]} {[%emt 00:04:36]} Nxf3 {[%clk 01:13:07]} {[%emt 00:02:10]}
19. Nxf3 {[%clk 01:00:41]} {[%emt 00:00:10]} f6 {[%clk 01:12:29]} {[%emt
00:01:09]} 20. Qg6+ {[%clk 00:56:06]} {[%emt 00:05:03]} Ke7 {[%clk 01:10:10]}
{[%emt 00:02:51]} 21. Qg7+ {[%clk 00:55:21]} {[%emt 00:01:13]} Ke8 {[%clk
01:09:59]} {[%emt 00:00:43]} 22. Qxh8+ {[%clk 00:55:41]} {[%emt 00:00:09]} Nf8
{[%clk 01:10:00]} {[%emt 00:00:29]} 23. exf6 {[%clk 00:53:08]} {[%emt
00:03:03]} Qc7 {[%clk 01:09:00]} {[%emt 00:01:25]} 24. Qxh5+ {[%clk 00:52:29]}
{[%emt 00:01:13]} Kd8 {[%clk 01:08:51]} {[%emt 00:00:39]} 25. Ne5 {[%clk
00:51:32]} {[%emt 00:01:28]} Qb6 {[%clk 01:08:03]} {[%emt 00:01:18]} 26. Qf7
{[%clk 00:46:57]} {[%emt 00:05:05]} Qxd4+ {[%clk 01:08:24]} {[%emt 00:00:09]}
27. Kg3 {[%clk 00:46:49]} {[%emt 00:00:38]} Qe3+ {[%clk 01:08:20]} {[%emt
00:00:22]} 28. Nf3 {[%clk 00:46:17]} {[%emt 00:01:15]} Qc5 {[%clk 01:07:50]}
{[%emt 00:00:56]} 29. Rh8 {[%clk 00:46:24]} {[%emt 00:00:26]} Rc8 {[%clk
01:01:55]} {[%emt 00:06:26]} 30. Rxf8+ {[%clk 00:46:38]} {[%emt 00:00:15]} 1-0

[Event "ODJM C 2023"]
[Site "Willingen GER"]
[Date "2023.05.28"]
[Round "2"]
[White "Geschke, Jonathan"]
[Black "Liu, Kairui"]
[Result "1-0"]
[Termination "normal"]
[Board "23"]
[WhiteElo "1258"]
[BlackElo "1024"]
[WhiteClock "00:41:16"]
[BlackClock "01:13:37"]
[PlyCount "79"]
[WhiteFideId "34636129"]
[BlackFideId "34660534"]
[EventCountry "GER"]
[EventRounds "9"]
[EventType "swiss"]
[EventDate "2023.05.27"]

1. e4 {[%clk 01:30:59]} e5 {[%clk 01:30:52]} {[%emt 00:00:08]} 2. Nf3 {[%clk
01:31:09]} {[%emt 00:00:20]} Nc6 {[%clk 01:31:09]} {[%emt 00:00:12]} 3. Bc4
{[%clk 01:30:56]} {[%emt 00:00:43]} Bc5 {[%clk 01:31:18]} {[%emt 00:00:21]} 4.
c3 {[%clk 01:30:49]} {[%emt 00:00:38]} Nf6 {[%clk 01:31:30]} {[%emt 00:00:17]}
5. d4 {[%clk 01:30:54]} {[%emt 00:00:25]} exd4 {[%clk 01:31:39]} {[%emt
00:00:20]} 6. e5 {[%clk 01:30:44]} {[%emt 00:00:40]} Qe7 {[%clk 01:30:52]}
{[%emt 00:01:17]} 7. cxd4 {[%clk 01:30:37]} {[%emt 00:00:38]} Bb4+ {[%clk
01:31:01]} {[%emt 00:00:21]} 8. Nc3 {[%clk 01:29:50]} {[%emt 00:01:17]} O-O
{[%clk 01:30:46]} {[%emt 00:00:45]} 9. O-O {[%clk 01:29:49]} {[%emt 00:00:31]}
Ne8 {[%clk 01:30:25]} {[%emt 00:00:51]} 10. Bg5 {[%clk 01:28:29]} {[%emt
00:01:51]} Nf6 {[%clk 01:29:23]} {[%emt 00:01:31]} 11. exf6 {[%clk 01:26:40]}
{[%emt 00:02:19]} gxf6 {[%clk 01:28:56]} {[%emt 00:00:55]} 12. Bh6 {[%clk
01:25:23]} {[%emt 00:01:48]} Rd8 {[%clk 01:28:35]} {[%emt 00:00:48]} 13. Nd2
{[%clk 01:22:12]} {[%emt 00:03:44]} d6 {[%clk 01:28:03]} {[%emt 00:01:02]} 14.
d5 {[%clk 01:18:34]} {[%emt 00:04:08]} Nd4 {[%clk 01:27:25]} {[%emt 00:01:08]}
15. Re1 {[%clk 01:16:28]} {[%emt 00:02:36]} Qd7 {[%clk 01:26:58]} {[%emt
00:00:56]} 16. Nf3 {[%clk 01:15:50]} {[%emt 00:01:06]} Nf5 {[%clk 01:26:17]}
{[%emt 00:01:13]} 17. Bf4 {[%clk 01:08:17]} {[%emt 00:08:05]} c5 {[%clk
01:24:51]} {[%emt 00:01:56]} 18. dxc6 {[%clk 01:07:23]} {[%emt 00:01:24]} bxc6
{[%clk 01:24:45]} {[%emt 00:00:35]} 19. Nd4 {[%clk 01:04:13]} {[%emt 00:03:40]}
d5 {[%clk 01:24:09]} {[%emt 00:01:05]} 20. Nxf5 {[%clk 00:59:14]} {[%emt
00:05:29]} Qxf5 {[%clk 01:22:48]} {[%emt 00:01:48]} 21. Bg3 {[%clk 00:58:15]}
{[%emt 00:01:33]} dxc4 {[%clk 01:22:37]} {[%emt 00:00:35]} 22. Qxd8+ {[%clk
00:57:01]} {[%emt 00:01:50]} Bf8 {[%clk 01:22:14]} {[%emt 00:00:53]} 23. Bd6
{[%clk 00:54:49]} {[%emt 00:02:42]} Bb7 {[%clk 01:21:40]} {[%emt 00:01:03]} 24.
Qc7 {[%clk 00:53:21]} {[%emt 00:01:59]} Bxd6 {[%clk 01:20:26]} {[%emt
00:01:44]} 25. Qxd6 {[%clk 00:51:26]} {[%emt 00:02:25]} c5 {[%clk 01:19:58]}
{[%emt 00:00:58]} 26. Qg3+ {[%clk 00:49:44]} {[%emt 00:02:12]} Qg6 {[%clk
01:18:56]} {[%emt 00:01:17]} 27. Qxg6+ {[%clk 00:50:10]} {[%emt 00:00:19]} fxg6
{[%clk 01:19:08]} {[%emt 00:00:15]} 28. h3 {[%clk 00:50:20]} {[%emt 00:00:23]}
Rd8 {[%clk 01:18:57]} {[%emt 00:00:41]} 29. Re7 {[%clk 00:49:00]} {[%emt
00:01:49]} Rb8 {[%clk 01:18:49]} {[%emt 00:00:40]} 30. Rae1 {[%clk 00:49:00]}
{[%emt 00:00:29]} Bc6 {[%clk 01:18:45]} {[%emt 00:00:35]} 31. R1e2 {[%clk
00:47:51]} {[%emt 00:01:39]} a5 {[%clk 01:18:41]} {[%emt 00:00:35]} 32. Ra7
{[%clk 00:46:54]} {[%emt 00:01:27]} Bb5 {[%clk 01:17:11]} {[%emt 00:01:59]} 33.
Rxa5 {[%clk 00:46:41]} {[%emt 00:00:42]} Be8 {[%clk 01:15:58]} {[%emt
00:01:38]} 34. Rxc5 {[%clk 00:45:25]} {[%emt 00:01:52]} Bf7 {[%clk 01:15:36]}
{[%emt 00:00:48]} 35. Rb5 {[%clk 00:43:44]} {[%emt 00:02:14]} Ra8 {[%clk
01:14:51]} {[%emt 00:01:15]} 36. Re7 {[%clk 00:43:39]} {[%emt 00:00:35]} Be8
{[%clk 01:14:31]} {[%emt 00:00:49]} 37. Rbb7 {[%clk 00:41:59]} {[%emt
00:02:11]} Bc6 {[%clk 01:13:28]} {[%emt 00:01:33]} 38. Rbc7 {[%clk 00:41:38]}
{[%emt 00:00:52]} Be8 {[%clk 01:13:37]} {[%emt 00:00:19]} 39. Nd5 {[%clk
00:40:57]} {[%emt 00:01:12]} Ra6 {[%emt 00:00:59]} 40. Rxe8# {[%clk 00:41:16]}
{[%emt 00:00:10]} 1-0

[Event "ODJM C 2023"]
[Site "Willingen GER"]
[Date "2023.05.28"]
[Round "2"]
[White "Ginschel, Sophia"]
[Black "Winkler, Frida"]
[Result "0-1"]
[Termination "normal"]
[Board "24"]
[WhiteElo "809"]
[BlackElo "1280"]
[WhiteClock "00:13:55"]
[BlackClock "00:47:04"]
[PlyCount "88"]
[WhiteFideId "34660445"]
[BlackFideId "34622322"]
[EventCountry "GER"]
[EventRounds "9"]
[EventType "swiss"]
[EventDate "2023.05.27"]

1. e4 {[%clk 01:30:59]} c5 {[%clk 01:30:52]} {[%emt 00:00:08]} 2. d4 {[%clk
01:31:24]} {[%emt 00:00:06]} cxd4 {[%clk 01:31:15]} {[%emt 00:00:06]} 3. c3
{[%clk 01:31:49]} {[%emt 00:00:05]} g6 {[%clk 01:31:34]} {[%emt 00:00:11]} 4.
cxd4 {[%clk 01:32:06]} {[%emt 00:00:13]} Nf6 {[%clk 01:31:47]} {[%emt
00:00:17]} 5. Nc3 {[%clk 01:32:26]} {[%emt 00:00:10]} d6 {[%clk 01:29:56]}
{[%emt 00:02:21]} 6. Bc4 {[%clk 01:29:23]} {[%emt 00:03:34]} e6 {[%clk
01:27:07]} {[%emt 00:03:18]} 7. Bg5 {[%clk 01:25:46]} {[%emt 00:04:07]} Nbd7
{[%clk 01:24:14]} {[%emt 00:03:23]} 8. Nf3 {[%clk 01:25:01]} {[%emt 00:01:16]}
Qa5 {[%clk 01:15:54]} {[%emt 00:08:50]} 9. Bd2 {[%clk 01:18:04]} {[%emt
00:07:27]} Qc7 {[%clk 01:14:49]} {[%emt 00:01:34]} 10. Bd3 {[%clk 01:10:14]}
{[%emt 00:08:21]} Bg7 {[%clk 01:14:01]} {[%emt 00:01:17]} 11. Be3 {[%clk
01:08:35]} {[%emt 00:02:10]} O-O {[%clk 01:13:19]} {[%emt 00:01:12]} 12. O-O
{[%clk 01:03:17]} {[%emt 00:00:25]} b6 {[%clk 01:12:38]} {[%emt 00:06:33]} 13.
Rc1 {[%clk 00:59:11]} {[%emt 00:04:36]} Bb7 {[%clk 01:02:52]} {[%emt 00:10:17]}
14. h3 {[%clk 00:50:12]} {[%emt 00:09:29]} a6 {[%clk 01:00:57]} {[%emt
00:02:23]} 15. a3 {[%clk 00:43:53]} {[%emt 00:06:51]} Qd8 {[%clk 00:59:53]}
{[%emt 00:01:33]} 16. e5 {[%clk 00:39:33]} {[%emt 00:04:51]} Bxf3 {[%clk
00:58:59]} {[%emt 00:01:24]} 17. Qxf3 {[%clk 00:37:39]} {[%emt 00:02:24]} dxe5
{[%clk 00:59:17]} {[%emt 00:00:13]} 18. dxe5 {[%clk 00:35:17]} {[%emt
00:02:51]} Nxe5 {[%clk 00:59:26]} {[%emt 00:00:21]} 19. Qe2 {[%clk 00:34:10]}
{[%emt 00:01:37]} Qxd3 {[%clk 00:59:11]} {[%emt 00:00:46]} 20. Qe1 {[%clk
00:33:08]} {[%emt 00:01:32]} Nc4 {[%clk 00:58:01]} {[%emt 00:01:39]} 21. Rd1
{[%clk 00:32:55]} {[%emt 00:00:45]} Qc2 {[%clk 00:56:25]} {[%emt 00:02:06]} 22.
Rc1 {[%clk 00:27:49]} {[%emt 00:05:36]} Qxb2 {[%clk 00:53:30]} {[%emt
00:03:25]} 23. Nb1 {[%clk 00:20:45]} {[%emt 00:07:34]} Nxa3 {[%clk 00:51:42]}
{[%emt 00:02:17]} 24. Nxa3 {[%clk 00:21:03]} {[%emt 00:00:12]} Qxa3 {[%clk
00:52:04]} {[%emt 00:00:08]} 25. Bxb6 {[%clk 00:21:13]} {[%emt 00:00:20]} Qd6
{[%clk 00:51:16]} {[%emt 00:01:15]} 26. Bc5 {[%clk 00:21:23]} {[%emt 00:00:24]}
Qd8 {[%clk 00:50:54]} {[%emt 00:00:49]} 27. Rd1 {[%clk 00:21:33]} {[%emt
00:00:23]} Qe8 {[%clk 00:48:49]} {[%emt 00:02:33]} 28. Bxf8 {[%clk 00:21:43]}
{[%emt 00:00:23]} Qxf8 {[%clk 00:49:14]} {[%emt 00:00:05]} 29. Qe2 {[%clk
00:21:40]} {[%emt 00:00:33]} a5 {[%clk 00:49:15]} {[%emt 00:00:30]} 30. Ra1
{[%clk 00:22:02]} {[%emt 00:00:08]} a4 {[%clk 00:48:41]} {[%emt 00:01:04]} 31.
Ra2 {[%emt 00:01:19]} Nd5 {[%clk 00:48:59]} 32. Qf3 {[%clk 00:18:50]} {[%emt
00:03:02]} a3 {[%clk 00:48:45]} {[%emt 00:00:46]} 33. Rc1 {[%clk 00:17:01]}
{[%emt 00:02:20]} Bb2 {[%clk 00:47:32]} {[%emt 00:01:42]} 34. Rc2 {[%clk
00:15:17]} {[%emt 00:02:14]} Ra7 {[%clk 00:46:32]} {[%emt 00:01:26]} 35. Rcxb2
{[%clk 00:15:05]} {[%emt 00:00:45]} axb2 {[%clk 00:46:33]} {[%emt 00:00:29]}
36. Rxb2 {[%clk 00:15:19]} {[%emt 00:00:15]} Ra1+ {[%clk 00:46:38]} {[%emt
00:00:24]} 37. Kh2 {[%clk 00:15:14]} {[%emt 00:00:36]} Qd6+ {[%clk 00:46:28]}
{[%emt 00:00:39]} 38. Qg3 {[%clk 00:15:32]} {[%emt 00:00:13]} Qxg3+ {[%clk
00:46:35]} {[%emt 00:00:23]} 39. Kxg3 {[%clk 00:13:27]} {[%emt 00:00:02]} f5
{[%clk 00:46:47]} {[%emt 00:02:52]} 40. Rb8+ {[%clk 00:13:37]} {[%emt
00:00:19]} Kg7 {[%clk 00:46:53]} {[%emt 00:00:23]} 41. Rb7+ {[%clk 00:13:56]}
{[%emt 00:00:13]} Kh6 {[%clk 00:47:12]} {[%emt 00:00:10]} 42. f4 {[%clk
00:14:03]} {[%emt 00:00:23]} Ra3+ {[%clk 00:47:20]} {[%emt 00:00:22]} 43. Kh4
{[%clk 00:14:13]} {[%emt 00:00:20]} Nxf4 {[%clk 00:47:18]} {[%emt 00:00:33]}
44. g3 {[%clk 00:13:55]} {[%emt 00:00:49]} Ng2# {[%clk 00:47:04]} {[%emt
00:00:13]} 0-1

[Event "ODJM C 2023"]
[Site "Willingen GER"]
[Date "2023.05.28"]
[Round "2"]
[White "Lindl, Julian"]
[Black "Hendler, Maximilian"]
[Result "0-1"]
[Termination "normal"]
[Board "25"]
[WhiteElo "1148"]
[BlackElo "971"]
[WhiteClock "01:16:16"]
[BlackClock "00:30:00"]
[PlyCount "78"]
[WhiteFideId "16258304"]
[BlackFideId "34616500"]
[EventCountry "GER"]
[EventRounds "9"]
[EventType "swiss"]
[EventDate "2023.05.27"]

1. b3 {[%clk 01:30:59]} {[%emt 00:00:01]} e5 {[%clk 01:30:54]} {[%emt
00:00:06]} 2. Bb2 {[%clk 01:31:27]} {[%emt 00:00:02]} d6 {[%clk 01:31:14]}
{[%emt 00:00:10]} 3. e3 {[%clk 01:31:52]} {[%emt 00:00:05]} Nf6 {[%clk
01:31:13]} {[%emt 00:00:31]} 4. Be2 {[%clk 01:32:07]} {[%emt 00:00:14]} g6
{[%clk 01:30:59]} {[%emt 00:00:44]} 5. Nf3 {[%clk 01:31:54]} {[%emt 00:00:43]}
Bg7 {[%clk 01:29:51]} {[%emt 00:01:38]} 6. O-O {[%clk 01:32:10]} {[%emt
00:00:14]} O-O {[%clk 01:29:24]} {[%emt 00:00:57]} 7. d3 {[%clk 01:32:23]}
{[%emt 00:00:19]} Nc6 {[%clk 01:25:29]} {[%emt 00:04:24]} 8. Nbd2 {[%clk
01:32:39]} {[%emt 00:00:13]} Bd7 {[%clk 01:23:12]} {[%emt 00:02:48]} 9. Rc1
{[%clk 01:32:07]} {[%emt 00:01:00]} b5 {[%clk 01:20:06]} {[%emt 00:03:37]} 10.
c4 {[%clk 01:32:17]} {[%emt 00:00:20]} b4 {[%clk 01:18:48]} {[%emt 00:01:48]}
11. Ne1 {[%clk 01:31:14]} {[%emt 00:01:32]} a5 {[%clk 01:17:48]} {[%emt
00:01:31]} 12. Nc2 {[%clk 01:31:14]} {[%emt 00:00:29]} Qe7 {[%clk 01:16:07]}
{[%emt 00:02:11]} 13. Bf3 {[%clk 01:31:26]} {[%emt 00:00:17]} Qe6 {[%clk
01:12:51]} {[%emt 00:03:47]} 14. Re1 {[%clk 01:31:06]} {[%emt 00:00:49]} Rfb8
{[%clk 01:10:20]} {[%emt 00:03:02]} 15. d4 {[%clk 01:31:25]} {[%emt 00:00:11]}
e4 {[%clk 01:10:03]} {[%emt 00:00:47]} 16. Be2 {[%clk 01:30:49]} {[%emt
00:01:06]} Qf5 {[%clk 01:07:58]} {[%emt 00:02:36]} 17. d5 {[%clk 01:30:54]}
{[%emt 00:00:25]} Ne7 {[%clk 01:07:12]} {[%emt 00:01:15]} 18. Nd4 {[%clk
01:29:13]} {[%emt 00:02:11]} Qg5 {[%clk 01:07:20]} {[%emt 00:00:22]} 19. Rc2
{[%clk 01:26:40]} {[%emt 00:03:03]} h5 {[%clk 01:04:25]} {[%emt 00:03:24]} 20.
Qb1 {[%clk 01:22:47]} {[%emt 00:04:24]} Bh3 {[%clk 01:03:53]} {[%emt 00:01:02]}
21. g3 {[%clk 01:23:00]} {[%emt 00:00:18]} h4 {[%clk 01:03:30]} {[%emt
00:00:54]} 22. Bf1 {[%clk 01:23:20]} {[%emt 00:00:09]} Bxf1 {[%clk 01:00:59]}
{[%emt 00:03:00]} 23. Kxf1 {[%clk 01:22:06]} {[%emt 00:01:45]} hxg3 {[%clk
01:00:37]} {[%emt 00:00:52]} 24. hxg3 {[%clk 01:22:26]} {[%emt 00:00:09]} Qh5
{[%clk 00:56:09]} {[%emt 00:04:58]} 25. Ne2 {[%clk 01:22:37]} {[%emt 00:00:20]}
Ng4 {[%clk 00:54:23]} {[%emt 00:02:16]} 26. Bxg7 {[%clk 01:22:28]} {[%emt
00:00:38]} Qh1+ {[%clk 00:51:23]} {[%emt 00:03:30]} 27. Ng1 {[%clk 01:22:34]}
{[%emt 00:00:24]} Kxg7 {[%clk 00:48:06]} {[%emt 00:03:47]} 28. Ke2 {[%clk
01:22:07]} {[%emt 00:00:56]} Qh5 {[%clk 00:47:30]} {[%emt 00:01:07]} 29. Rf1
{[%clk 01:21:04]} {[%emt 00:01:33]} Nh2+ {[%clk 00:46:21]} {[%emt 00:01:39]}
30. Ke1 {[%clk 01:21:25]} {[%emt 00:00:09]} Nxf1 {[%clk 00:46:28]} {[%emt
00:00:23]} 31. Kxf1 {[%clk 01:21:53]} {[%emt 00:00:02]} a4 {[%clk 00:43:33]}
{[%emt 00:03:26]} 32. Rc1 {[%clk 01:21:18]} {[%emt 00:01:04]} axb3 {[%clk
00:41:25]} {[%emt 00:02:38]} 33. axb3 {[%clk 01:21:38]} {[%emt 00:00:10]} f5
{[%clk 00:39:51]} {[%emt 00:02:04]} 34. Kg2 {[%clk 01:21:48]} {[%emt 00:00:18]}
Rh8 {[%clk 00:38:58]} {[%emt 00:01:25]} 35. Qb2+ {[%clk 01:21:46]} {[%emt
00:00:30]} Kf7 {[%clk 00:38:34]} {[%emt 00:00:56]} 36. Nb1 {[%clk 01:17:39]}
{[%emt 00:04:38]} Qh6 {[%clk 00:34:44]} {[%emt 00:04:19]} 37. Qe2 {[%clk
01:16:37]} {[%emt 00:01:30]} Ra1 {[%clk 00:33:17]} {[%emt 00:02:00]} 38. f3
{[%clk 01:16:08]} {[%emt 00:00:58]} Ra2 {[%clk 00:29:41]} {[%emt 00:04:07]} 39.
Qxa2 {[%clk 01:16:16]} {[%emt 00:00:22]} Qh2+ {[%clk 00:30:00]} {[%emt
00:00:11]} 0-1

[Event "ODJM C 2023"]
[Site "Willingen GER"]
[Date "2023.05.28"]
[Round "2"]
[White "Böker, Maximilian"]
[Black "Peglau, Lorena"]
[Result "1-0"]
[Termination "normal"]
[Board "26"]
[WhiteElo "969"]
[BlackElo "1235"]
[WhiteClock "00:50:53"]
[BlackClock "01:01:46"]
[PlyCount "111"]
[WhiteFideId "34623868"]
[BlackFideId "16290542"]
[EventCountry "GER"]
[EventRounds "9"]
[EventType "swiss"]
[EventDate "2023.05.27"]

1. e4 {[%clk 01:30:58]} e6 {[%clk 01:30:54]} {[%emt 00:00:06]} 2. d4 {[%clk
01:31:24]} {[%emt 00:00:05]} d5 {[%clk 01:31:19]} {[%emt 00:00:05]} 3. exd5
{[%clk 01:31:49]} {[%emt 00:00:05]} exd5 {[%clk 01:31:43]} {[%emt 00:00:06]} 4.
c4 {[%clk 01:32:17]} {[%emt 00:00:02]} Nf6 {[%clk 01:31:58]} {[%emt 00:00:15]}
5. Nc3 {[%clk 01:32:33]} {[%emt 00:00:14]} Bb4 {[%clk 01:32:12]} {[%emt
00:00:17]} 6. Bd3 {[%clk 01:32:26]} {[%emt 00:00:37]} dxc4 {[%clk 01:32:09]}
{[%emt 00:00:33]} 7. Bxc4 {[%clk 01:32:37]} {[%emt 00:00:18]} Bf5 {[%clk
01:32:20]} {[%emt 00:00:20]} 8. Qb3 {[%clk 01:25:16]} {[%emt 00:07:51]} Bxc3+
{[%clk 01:30:25]} {[%emt 00:02:26]} 9. bxc3 {[%clk 01:24:58]} {[%emt 00:00:48]}
Qe7+ {[%clk 01:29:31]} {[%emt 00:01:24]} 10. Ne2 {[%clk 01:24:12]} {[%emt
00:01:15]} b6 {[%clk 01:28:00]} {[%emt 00:02:02]} 11. O-O {[%clk 01:19:45]}
{[%emt 00:04:55]} Qd7 {[%clk 01:24:52]} {[%emt 00:03:39]} 12. Ba3 {[%clk
01:14:13]} {[%emt 00:06:00]} Nc6 {[%clk 01:19:10]} {[%emt 00:06:14]} 13. Bb5
{[%clk 01:12:36]} {[%emt 00:02:07]} a6 {[%clk 01:17:25]} {[%emt 00:02:16]} 14.
Qa4 {[%clk 01:11:46]} {[%emt 00:01:19]} Be4 {[%clk 01:15:50]} {[%emt 00:02:05]}
15. f3 {[%clk 01:10:58]} {[%emt 00:01:17]} Ra7 {[%clk 01:16:02]} {[%emt
00:00:19]} 16. Bxc6 {[%clk 01:07:29]} {[%emt 00:03:59]} Bxc6 {[%clk 01:16:23]}
{[%emt 00:00:10]} 17. Qb3 {[%clk 01:05:05]} {[%emt 00:02:53]} Qd5 {[%clk
01:14:40]} {[%emt 00:02:13]} 18. Qxd5 {[%clk 01:05:02]} {[%emt 00:00:33]} Nxd5
{[%clk 01:14:53]} {[%emt 00:00:17]} 19. Rfe1 {[%clk 01:04:20]} {[%emt
00:01:11]} Kd8 {[%clk 01:13:33]} {[%emt 00:01:51]} 20. c4 {[%clk 01:02:47]}
{[%emt 00:02:03]} Ne3 {[%clk 01:10:44]} {[%emt 00:03:18]} 21. Rac1 {[%clk
01:00:37]} {[%emt 00:02:37]} Nf5 {[%clk 01:06:48]} {[%emt 00:04:29]} 22. d5
{[%clk 00:58:38]} {[%emt 00:02:28]} Bd7 {[%clk 01:06:28]} {[%emt 00:00:50]} 23.
g4 {[%clk 00:57:53]} {[%emt 00:01:15]} Nh4 {[%clk 01:05:07]} {[%emt 00:01:51]}
24. Nd4 {[%clk 00:57:35]} {[%emt 00:00:48]} h5 {[%clk 01:03:03]} {[%emt
00:02:33]} 25. Be7+ {[%clk 00:57:26]} {[%emt 00:00:38]} Kc8 {[%clk 01:01:42]}
{[%emt 00:01:51]} 26. Bxh4 {[%clk 00:55:23]} {[%emt 00:02:33]} hxg4 {[%clk
01:01:58]} {[%emt 00:00:15]} 27. Bg3 {[%clk 00:54:36]} {[%emt 00:01:16]} g5
{[%clk 01:00:31]} {[%emt 00:01:58]} 28. c5 {[%clk 00:53:52]} {[%emt 00:01:14]}
bxc5 {[%clk 00:58:25]} {[%emt 00:02:36]} 29. Rxc5 {[%clk 00:53:57]} {[%emt
00:00:24]} gxf3 {[%clk 00:58:35]} {[%emt 00:00:19]} 30. Rec1 {[%clk 00:52:55]}
{[%emt 00:01:31]} Kd8 {[%clk 00:57:32]} {[%emt 00:01:34]} 31. Nc6+ {[%clk
00:52:30]} {[%emt 00:00:54]} Bxc6 {[%clk 00:57:51]} {[%emt 00:00:11]} 32. Rxc6
{[%clk 00:52:30]} {[%emt 00:00:30]} Re8 {[%clk 00:57:12]} {[%emt 00:01:09]} 33.
Bxc7+ {[%clk 00:52:16]} {[%emt 00:00:41]} Kd7 {[%clk 00:57:30]} {[%emt
00:00:15]} 34. Rd6+ {[%clk 00:52:03]} {[%emt 00:00:42]} Ke7 {[%clk 00:57:41]}
{[%emt 00:00:21]} 35. Re1+ {[%clk 00:52:03]} {[%emt 00:00:29]} Kf8 {[%clk
00:58:02]} {[%emt 00:00:09]} 36. Rxe8+ {[%clk 00:52:09]} {[%emt 00:00:25]} Kxe8
{[%clk 00:58:23]} {[%emt 00:00:09]} 37. Rd8+ {[%clk 00:51:51]} {[%emt
00:00:47]} Ke7 {[%clk 00:58:44]} {[%emt 00:00:10]} 38. d6+ {[%clk 00:52:00]}
{[%emt 00:00:21]} Kf6 {[%clk 00:58:54]} {[%emt 00:00:19]} 39. Bb6 {[%clk
00:51:25]} {[%emt 00:01:04]} Rb7 {[%clk 00:59:11]} {[%emt 00:00:15]} 40. Bc7
{[%clk 00:47:56]} {[%emt 00:03:58]} Rb2 {[%clk 00:58:09]} {[%emt 00:01:32]} 41.
Re8 {[%clk 00:47:46]} {[%emt 00:00:40]} f2+ {[%clk 00:58:26]} {[%emt 00:00:13]}
42. Kf1 {[%clk 00:47:57]} {[%emt 00:00:19]} Rxa2 {[%clk 00:58:34]} {[%emt
00:00:23]} 43. d7 {[%clk 00:48:08]} {[%emt 00:00:19]} Rd2 {[%clk 00:58:21]}
{[%emt 00:00:43]} 44. d8=Q+ {[%clk 00:48:23]} {[%emt 00:00:15]} Rxd8 {[%clk
00:58:39]} {[%emt 00:00:11]} 45. Rxd8 {[%clk 00:48:46]} {[%emt 00:00:07]} g4
{[%clk 00:58:46]} {[%emt 00:00:23]} 46. Kxf2 {[%clk 00:49:11]} {[%emt
00:00:05]} Kf5 {[%clk 00:58:58]} {[%emt 00:00:19]} 47. Kg3 {[%clk 00:49:22]}
{[%emt 00:00:19]} Kg5 {[%clk 00:59:20]} {[%emt 00:00:09]} 48. Rf8 {[%clk
00:49:36]} {[%emt 00:00:16]} Kg6 {[%clk 00:59:42]} {[%emt 00:00:08]} 49. Kxg4
{[%clk 00:50:00]} {[%emt 00:00:05]} Kg7 {[%clk 01:00:04]} {[%emt 00:00:08]} 50.
Ra8 {[%clk 00:50:22]} {[%emt 00:00:08]} a5 {[%clk 01:00:07]} {[%emt 00:00:27]}
51. Rxa5 {[%clk 00:50:45]} {[%emt 00:00:07]} Kg6 {[%clk 01:00:29]} {[%emt
00:00:07]} 52. h4 {[%clk 00:51:00]} {[%emt 00:00:14]} Kh6 {[%clk 01:00:46]}
{[%emt 00:00:14]} 53. Ra8 {[%clk 00:50:32]} {[%emt 00:00:56]} Kh7 {[%clk
01:01:12]} {[%emt 00:00:07]} 54. Kg5 {[%clk 00:50:44]} {[%emt 00:00:18]} Kg7
{[%clk 01:01:22]} {[%emt 00:00:20]} 55. Be5+ {[%clk 00:51:03]} {[%emt
00:00:11]} Kh7 {[%clk 01:01:46]} {[%emt 00:00:07]} 56. Rh8# {[%clk 00:50:53]}
{[%emt 00:00:07]} 1-0